00338nam a2200121Ia 4500003000400000008004100004040001600045082001800061245006500079260005600144300001100200490000500211GCL140319s9999 xx 000 0 ara d aGCL / cGCL04a346.04bم م10aمنازعات الحيازة: مشكلاتها الهامة a[S.N] : bمؤسسة روزاليوسف ، c1984 a147 ص a